000 01192cam a22003737a 4500
003 CHAP
005 20220817040942.0
008 971013s1990 r 00010 d
010 _a3330
011 _a4302
035 _a3504
040 _cCHAP
082 _a711.4
_bF36Y
110 _aFAO
245 1 0 _aPautas ambientales para los proyectos de reasentamiento en los trópicos húmedos
260 _aRoma :
_bFAO,
_c1990
300 _a97 p
490 0 _aFAO. Medio ambiente y energía
_v; 9
590 _aBATCH-UPD
_b10
_c20130110
_lUCH01
_h0152
590 _aBATCH-UPD
_b10
_c20130110
_lUCH01
_h2005
590 _aBATCH-UPD
_b10
_c20130409
_lUCH01
_h2152
590 _aBATCH-UPD
_b10
_c20130410
_lUCH01
_h1325
590 _aBATCH-UPD
_b10
_c20130914
_lUCH01
_h1350
590 _aCONVERSION
_b10
_c20130109
_lUCH01
_h1303
650 1 4 _aMedio ambiente.
_974065
650 1 4 _aUrbanismo
_xTrópicos.
_9116845
700 0 _aBurbridge, Peter R.
_916106
700 0 _aHartshorn, Gary S.
_952967
700 0 _aNorgaard, Richard B.
_981730
830 0 _aFAO. Medio ambiente y energía
_v; 9
_939622
901 _aBK
942 _cLIBRO
949 _a711.4 F36Y
_bBC
_cFAO
_d-13023
_eFAO1
_h79563
_i3504
_mD
_si
999 _c3330
_d3330